| 000 | 00484nam a2200157 a 4500 | ||
|---|---|---|---|
| 001 | 1592 | ||
| 003 | CDMR | ||
| 005 | 20130116135212.0 | ||
| 008 | 130130s1966||||||||||||||||||||||||||||d | ||
| 040 |
_aCDMR _bcat _cCDMR |
||
| 111 | 2 |
_aConversaciones Nacionales de Televisión Infantil y Juvenil _cMadrid _d1965 _n2º _91197 |
|
| 245 | 1 | 0 | _aII conversaciones nacionales de televisión infantil y juvenil |
| 260 |
_c1966 _bServicio de formación de TVE |
||
| 300 |
_a218 p ; _c19 cm |
||
| 942 | _cMON | ||
| 999 |
_c1592 _d1592 |
||